Normal view
MARC view
- Vedovati Bruno
Entry Personal Name
001 - CONTROL NUMBER
- control field: 57769
003 - CONTROL NUMBER IDENTIFIER
- control field:
005 - DATE AND TIME OF LATEST TRANSACTION
- control field: 20190404172155.0
008 - FIXED-LENGTH DATA ELEMENTS
- fixed length control field: 190404|| aca||aabn | a|a d
040 ## - CATALOGING SOURCE
- Original cataloging agency:
- Transcribing agency:
100 ## - HEADING--PERSONAL NAME
- Personal name: Vedovati Bruno
670 ## - SOURCE DATA FOUND
- Source citation: Work cat.: (): Vedovati Bruno, Formato famiglia. La situazione socio demografica della famiglia a Bergamo, 2013